Estadísticas para 15 principales países afectados por Covid19 - 15 de junio

Haz click aquí para intentar la prueba.

Estadísticas generales

  • Esta prueba ha sido intentada 5 veces
  • La puntuación promedio es 17 de 27

Estadísticas de respuestas

país% Correcto
Brasil
100%
España
100%
Estados Unidos
100%
Francia
100%
India
100%
Italia
100%
México
100%
Rusia
100%
Alemania
80%
Bélgica
80%
Pakistán
80%
Perú
80%
Turquía
80%
Chile
60%
Chile
60%
Irán
60%
Reino Unido
60%
Suecia
60%
Catar
40%
Irlanda
40%
Panamá
40%
Armenia
20%
Baréin
20%
Bielorrusia
20%
Kuwait
20%
Omán
20%
Singapur
20%

Distribución de puntuación

Porcentaje por número respondido

Porcentaje de gente con cada puntuación

Historial de tus puntuaciones

No has intentado esta prueba.